| 000 | 00750nam a2200193 a 4500 | ||
|---|---|---|---|
| 001 | 28275 | ||
| 005 | 20180713231128.0 | ||
| 008 | 140415s2003 mx 000 0 spa d | ||
| 020 | _a9701040511 | ||
| 041 | _aspa | ||
| 082 |
_a324.73 _bFER |
||
| 100 | 1 | _aFERNÉNDEZ COLBADO, CARLOS | |
| 245 | 1 | 0 | _aMARKETING POLITICO E IMAGEN DE GOBIERNO EN FUNCIONES |
| 250 | _a2° EDICIÓN | ||
| 260 |
_aMEXICO : _bMC GRAW HILL, _c2003 |
||
| 300 |
_a158 _c17 x 1 x 24 |
||
| 520 | _aLA OBRA PRESENTA LA FASE DE MERCADOTECNIA POLITICA QUE SE SIGUE EN LA CAMPAÑA DE UNA ELECCION ASI COMO UNA PROPUESTA DE ACCIONES PARA CREAR LA IMAGEN DEL GOBIERNO EN FUNCIONES ES DECIR LAS DOS CARAS DEL PROCESO DE COMUNICACION POLITICA. | ||
| 650 | 1 | 4 | _aPOLITICA |
| 999 |
_c28275 _d28275 |
||